[Event "Titled Tuesday intern op 22 Mar Early"]
[Site "Chess.com INT"]
[Date "2022.03.22"]
[Round "11"]
[White "Donchenko, Anatoly G"]
[Black "Winkels, Marcel"]
[Result "1-0"]
[WhiteElo "2233"]
[BlackElo "1974"]
[PlyCount "111"]
[EventDate "2022.03.22"]
[EventType "swiss (blitz)"]
[EventRounds "11"]
[EventCountry "USA"]
[SourceTitle "CBM 207 Extra"]
[Source "ChessBase"]
[SourceDate "2022.05.31"]
[SourceVersion "1"]
[SourceVersionDate "2022.05.31"]
[SourceQuality "1"]

1. Nf3 Nf6 2. d4 g6 3. c4 Bg7 4. Nc3 0-0 5. e4 d6 6. Be2 e5 7. dxe5 dxe5 8. Qxd8 Rxd8 9. Bg5 c6 10. Nxe5 Re8 11. 0-0-0 Nxe4 12. Nxe4 Bxe5 13. Nd6 Bxd6 14. Rxd6 Be6 15. Be3 Na6 16. b3 Nc7 17. Rhd1 a5 18. Kb2 a4 19. Bb6 Rec8 20. b4 Na6 21. a3 h5 22. h4 Re8 23. Kc3 Rac8 24. Rd8 Rcxd8 25. Rxd8 Rxd8 26. Bxd8 Nb8 27. Bd1 Nd7 28. Bc7 Nf6 29. f3 Ne8 30. Be5 b5 31. cxb5 cxb5 32. Be2 Bd7 33. Kd4 f6 34. Bf4 Ng7 35. Kd5 Ne6 36. Be3 Kf7 37. Kd6 Ke8 38. g4 hxg4 39. fxg4 f5 40. h5 gxh5 41. gxf5 Ng7 42. f6 Nf5+ 43. Kc5 Nxe3 44. Bxh5+ Kf8 45. Be2 Kf7 46. Bxb5 Bxb5 47. Kxb5 Nc2 48. Kxa4 Kxf6 49. Kb3 Nd4+ 50. Kc4 Nc6 51. b5 Na5+ 52. Kb4 Nb7 53. a4 Ke6 54. a5 Kd6 55. a6 Nc5 56. a7 1-0

[Event "Titled Tuesday intern op 22 Mar Early"]
[Site "Chess.com INT"]
[Date "2022.03.22"]
[Round "10"]
[White "Hernandez Bonilla, Amelia"]
[Black "Donchenko, Anatoly G"]
[Result "0-1"]
[WhiteElo "2002"]
[BlackElo "2233"]
[PlyCount "90"]
[EventDate "2022.03.22"]
[EventType "swiss (blitz)"]
[EventRounds "11"]
[EventCountry "USA"]
[SourceTitle "CBM 207 Extra"]
[Source "ChessBase"]
[SourceDate "2022.05.31"]
[SourceVersion "1"]
[SourceVersionDate "2022.05.31"]
[SourceQuality "1"]

1. d4 d5 2. Bf4 c5 3. e3 Nc6 4. Nf3 e6 5. c3 Bd6 6. Bg3 Nge7 7. Nbd2 b6 8. Bd3 Bb7 9. 0-0 Qc7 10. e4 Bxg3 11. hxg3 dxe4 12. Nxe4 cxd4 13. cxd4 0-0 14. Rc1 Qd7 15. Bb1 Rfd8 16. Nfg5 Ng6 17. Qh5 h6 18. Nxf7 Qxf7 19. Ng5 Qf6 20. Nxe6 Qxe6 21. Bxg6 Rd5 22. Rfe1 Qxe1+ 23. Rxe1 Rxh5 24. Bxh5 Nxd4 25. Re7 Bc6 26. Bf7+ Kh8 27. Rc7 a5 28. f3 Rd8 29. Kf2 Rd7 30. Rc8+ Kh7 31. Bc4 g6 32. Ke3 b5 33. Bg8+ Kg7 34. b3 Nf5+ 35. Kf4 Bd5 36. g4 Bxg8 37. gxf5 gxf5 38. Kxf5 Rd2 39. Rc7+ Bf7 40. g4 Rxa2 41. f4 Rf2 42. Rb7 b4 43. Ra7 Rf3 44. Rxa5 Rxb3 45. Ra7 Rb1 0-1

[Event "Titled Tuesday intern op 22 Mar Late"]
[Site "Chess.com INT"]
[Date "2022.03.22"]
[Round "9"]
[White "Zherebtsova, Alexandra"]
[Black "Donchenko, Anatoly G"]
[Result "1/2-1/2"]
[WhiteElo "2182"]
[BlackElo "2233"]
[PlyCount "148"]
[EventDate "2022.03.22"]
[EventType "swiss (blitz)"]
[EventRounds "11"]
[EventCountry "USA"]
[SourceTitle "CBM 207 Extra"]
[Source "ChessBase"]
[SourceDate "2022.05.31"]
[SourceVersion "1"]
[SourceVersionDate "2022.05.31"]
[SourceQuality "1"]

1. d4 d5 2. Nf3 Nf6 3. c4 dxc4 4. e3 e6 5. Bxc4 c5 6. 0-0 a6 7. dxc5 Bxc5 8. Qxd8+ Kxd8 9. Rd1+ Ke7 10. Be2 b6 11. Ne1 Bb7 12. Nd3 Bd6 13. Nd2 Nbd7 14. Nc4 Bc7 15. b3 Rhc8 16. Ba3+ Ke8 17. f3 Nd5 18. Kf2 b5 19. Nd6+ Bxd6 20. Bxd6 Rc2 21. Rdc1 Rac8 22. Rxc2 Rxc2 23. Nb4 Nxb4 24. Bxb4 Ne5 25. Kf1 f6 26. a4 bxa4 27. bxa4 Nc6 28. Be1 a5 29. Rb1 Bc8 30. Rb6 Bd7 31. Bb5 Ne5 32. Rb8+ Ke7 33. Bxa5 Bxb5+ 34. axb5 Nd3 35. g3 Rxh2 36. b6 Rb2 37. b7 Nc5 38. Bc3 Rxb7 39. Rxb7+ Nxb7 40. Kf2 e5 41. Ba1 Ke6 42. e4 Nc5 43. Ke3 g6 44. Bb2 Nb3 45. Bc3 h5 46. Bb2 Na5 47. Bc3 Nc4+ 48. Kd3 Nd6 49. Ke3 g5 50. Bb4 Nc4+ 51. Kd3 Nb6 52. Be1 Nd7 53. Bf2 Nb8 54. Kc4 Nc6 55. Kd3 Nb4+ 56. Kc4 Na6 57. Kd3 Nb8 58. Kc4 Nd7 59. Kd3 Nf8 60. Kc4 Ng6 61. Kd3 h4 62. gxh4 gxh4 63. Ke3 h3 64. Bg3 Nf4 65. Kf2 Nd3+ 66. Kg1 f5 67. exf5+ Kxf5 68. Kh2 Nf4 69. Bf2 Kg5 70. Bg3 Kf5 71. Bf2 Kg6 72. Bg3 Kh5 73. Bf2 Kg5 74. Bg3 Kf5 1/2-1/2

[Event "Titled Tuesday intern op 23rd Feb"]
[Site "Chess.com INT"]
[Date "2021.02.23"]
[Round "3"]
[White "Manafov, Vugar Gulam"]
[Black "Donchenko, Anatoly G"]
[Result "0-1"]
[WhiteElo "2236"]
[BlackElo "2233"]
[PlyCount "74"]
[EventDate "2021.02.23"]
[EventType "swiss (blitz)"]
[EventRounds "11"]
[EventCountry "USA"]
[SourceTitle "CBM 200 Extra"]
[Source "ChessBase"]
[SourceDate "2021.03.31"]
[SourceVersion "1"]
[SourceVersionDate "2021.03.31"]
[SourceQuality "1"]

1. Nf3 Nf6 2. g3 b5 3. Bg2 Bb7 4. 0-0 e6 5. d3 d5 6. e4 Be7 7. Nc3 b4 8. Ne2 dxe4 9. Nd2 0-0 10. dxe4 c5 11. e5 Nd5 12. c4 bxc3 13. bxc3 Qc7 14. c4 Nb4 15. Bxb7 Qxb7 16. a3 Nd3 17. Rb1 Qc6 18. Bb2 Nd7 19. f4 Nxb2 20. Rxb2 f6 21. exf6 Bxf6 22. Rb3 e5 23. f5 e4 24. Qc2 Rfe8 25. Rf4 e3 26. Ne4 Bd4 27. Rd3 Nf6 28. Nxd4 cxd4 29. Rxd4 Rad8 30. Nxf6+ Qxf6 31. Rxd8 Qxd8 32. Qe4 Rxe4 33. Rxe4 Qd1+ 34. Kg2 Qd2+ 35. Kf3 Qf2+ 36. Kg4 e2 37. f6 e1Q 0-1